[Event "GER-ch Youth U18 2019"]
[Site "Willingen"]
[Date "2019.06.11"]
[Round "4.3"]
[White "Maetzkow, Maximilian Paul"]
[Black "Muckle, Julius"]
[Result "0-1"]
[WhiteElo "2338"]
[BlackElo "2370"]
[Annotator "NA RC"]
[PlyCount "134"]
[EventDate "2019.06.07"]
[EventType "swiss"]
[EventRounds "9"]
[EventCountry "GER"]
[SourceTitle "playchess.com"]
[Source "ChessBase"]
[SourceQuality "1"]
[TimeControl "40/5400+30:1800+30"]

1. d4 {[%emt 0:00:00]} d5 {[%emt 0:00:00]} 2. c4 {[%emt 0:00:00]} c6 {[%emt 0:00:00]} 3. Nf3 {[%emt 0:00:00]} Nf6 {[%emt 0:00:00]} 4. e3 {[%emt 0:00:00]} Bf5 {[%emt 0:00:16]} 5. Nc3 {[%emt 0:00:08]} e6 {[%emt 0:00:20]} 6. Nh4 {[%emt 0:00:23]} Be4 {[%emt 0:00:11]} 7. f3 {[%emt 0:00:07]} Bg6 {[%emt 0:00:02]} 8. Qb3 {[%emt 0:00:24]} Qc7 {[%emt 0:00:10]} 9. Bd2 {[%emt 0:08:03]} Be7 {[%emt 0:03:07]} 10. Be2 {[%emt 0:06:10]} dxc4 {[%emt 0:06:42]} 11. Bxc4 {[%emt 0:01:23]} b5 {[%emt 0:01:47]} 12. Be2 {[%emt 0:03:07] unterminated} a6 {[%emt 0:17:04] unterminated} 13. O-O {[%emt 0:15:52] unterminated} c5 {[%emt 0:09:58] unterminated} 14. dxc5 {[%emt 0:08:46] unterminated} Nbd7 $11 {[%emt 0:01:15]} 15. Nxg6 {[%emt 0:02:56]} hxg6 {[%emt 0:01:59]} 16. f4 {[%emt 0:11:16]} Nxc5 {[%emt 0:03:21]} 17. Qc2 {[%emt 0:00:51]} O-O {[%emt 0:01:12]} 18. Rac1 {[%emt 0:01:51]} Rac8 {[%emt 0:07:10]} 19. Bf3 {[%emt 0:08:39]} Rfd8 {[%emt 0:04:45]} 20. Ne2 {[%emt 0:00:55]} Qd7 {[%emt 0:06:47]} 21. Nd4 {[%emt 0:02:45]} Nce4 {[%emt 0:03:14]} 22. Qd3 {[%emt 0:01:12]} Nxd2 {[%emt 0:00:17]} 23. Qxd2 {[%emt 0:00:12]} Bc5 {[%emt 0:00:04]} 24. Rfd1 {[%emt 0:07:36]} Bxd4 {[%emt 0:05:11]} 25. exd4 {[%emt 0:00:40]} Rxc1 {[%emt 0:02:21]} 26. Qxc1 {[%emt 0:00:07]} Rc8 {[%emt 0:00:12]} 27. Qe3 {[%emt 0:01:11]} Rc2 {[%emt 0:02:45]} 28. Rd2 {[%emt 0:00:43]} Rc1+ {[%emt 0:01:50]} 29. Rd1 {[%emt 0:04:53]} Rxd1+ {[%emt 0:01:19]} 30. Bxd1 {[%emt 0:00:04]} Nd5 {[%emt 0:01:19]} 31. Qd2 {[%emt 0:00:31]} Qd6 {[%emt 0:01:22]} 32. g3 {[%emt 0:01:19]} Nb4 {[%emt 0:00:37]} 33. Bb3 {[%emt 0:06:57]} Nc6 {[%emt 0:00:36]} 34. d5 {[%emt 0:03:09]} Ne7 {[%emt 0:00:06]} 35. Kf2 {[%emt 0:00:03]} exd5 {[%emt 0:01:20]} 36. Qd4 {[%emt 0:00:12]} Nf5 {[%emt 0:06:26]} 37. Qxd5 {[%emt 0:01:47]} Qb6+ {[%emt 0:00:06]} 38. Ke2 {[%emt 0:00:34]} Qe3+ {[%emt 0:00:31]} 39. Kf1 {[%emt 0:00:19]} Qc1+ {[%emt 0:00:02]} 40. Kf2 {[%emt 0:01:42]} Qxb2+ {[%emt 0:00:10]} 41. Kg1 {[%emt 0:31:38]} Qd4+ {[%emt 0:40:44]} 42. Qxd4 {[%emt 0:00:07]} Nxd4 {[%emt 0:00:01]} 43. Bd1 {[%emt 0:00:00]} Kf8 {[%emt 0:00:00]} 44. Kf2 {[%emt 0:00:00]} Ke7 {[%emt 0:00:00]} 45. Ke3 {[%emt 0:00:00]} Ne6 {[%emt 0:00:00]} 46. h4 {[%emt 0:00:00]} Nc5 {[%emt 0:00:00]} 47. Kd4 {[%emt 0:00:00]} Kd6 {[%emt 0:00:00]} 48. Be2 {[%emt 0:00:00]} Ne6+ {[%emt 0:00:00]} 49. Ke4 {[%emt 0:00:00]} f5+ {[%emt 0:00:00]} 50. Ke3 {[%emt 0:00:00]} Kc5 {[%emt 0:00:00]} 51. h5 {[%emt 0:00:00]} Nd4 {[%emt 0:00:00]} 52. Bd1 {[%emt 0:00:00]} gxh5 {[%emt 0:00:00]} 53. Bxh5 {[%emt 0:00:00]} a5 {[%emt 0:00:00]} 54. Kd3 {[%emt 0:00:00]} b4 {[%emt 0:00:00]} 55. Bd1 {[%emt 0:01:08]} Nb5 {[%emt 0:00:00]} 56. Bb3 {[%emt 0:00:46]} Nd6 {[%emt 0:00:00]} 57. Be6 {[%emt 0:00:13]} a4 {[%emt 0:00:01]} 58. Bd7 {[%emt 0:00:58]} a3 {[%emt 0:00:28]} 59. Kc2 {[%emt 0:02:32]} Nb5 {[%emt 0:00:39]} 60. g4 {[%emt 0:01:15]} Nd4+ {[%emt 0:00:30]} 61. Kb1 {[%emt 0:00:13]} g6 {[%emt 0:02:19]} 62. g5 {[%emt 0:01:49]} Ne2 {[%emt 0:00:50]} 63. Be8 {[%emt 0:01:36]} Nxf4 {[%emt 0:00:17]} 64. Kc2 {[%emt 0:00:00]} Ne6 {[%emt 0:00:26]} 65. Bxg6 {[%emt 0:00:05]} f4 {[%emt 0:00:10]} 66. Kd2 {[%emt 0:00:45]} Nxg5 {[%emt 0:00:29]} 67. Ke2 {[%emt 0:00:02]} Kd4 {[%emt 0:00:15] normal} 0-1

[Event "GER-ch Youth U18 2019"]
[Site "Willingen"]
[Date "2019.06.11"]
[Round "4.4"]
[White "Muetsch, Annmarie"]
[Black "Parvanyan, Ashot"]
[Result "0-1"]
[WhiteElo "2266"]
[BlackElo "2421"]
[Annotator "NA RC"]
[PlyCount "84"]
[EventDate "2019.06.07"]
[EventType "swiss"]
[EventRounds "9"]
[EventCountry "GER"]
[SourceTitle "playchess.com"]
[Source "ChessBase"]
[SourceQuality "1"]
[TimeControl "40/5400+30:1800+30"]

1. e4 {[%emt 0:00:00]} g6 {[%emt 0:00:00]} 2. d4 {[%emt 0:00:00]} Bg7 {[%emt 0:00:00]} 3. Nc3 {[%emt 0:00:00]} d6 {[%emt 0:00:00]} 4. f4 {[%emt 0:00:00]} a6 {[%emt 0:00:18]} 5. Nf3 {[%emt 0:00:15]} b5 {[%emt 0:00:50]} 6. Bd3 {[%emt 0:00:22]} Nd7 {[%emt 0:00:20]} 7. e5 {[%emt 0:00:26]} Bb7 {[%emt 0:00:53]} 8. Ng5 {[%emt 0:00:34] unterminated} Nf8 {[%emt 0:08:09]} (8... e6 $14) 9. Qe2 {[%emt 0:00:26] unterminated} b4 {[%emt 0:21:00]} 10. Nce4 {[%emt 0:00:36]} Nh6 {[%emt 0:01:43] unterminated} 11. Bb5+ {[%emt 0:11:45] unterminated} axb5 {[%emt 0:19:42]} 12. Qxb5+ {[%emt 0:00:08]} Nd7 {[%emt 0:00:07] unterminated} 13. Qxb7 {[%emt 0:00:24]} Rb8 {[%emt 0:00:26] unterminated} 14. Qc6 {[%emt 0:05:57]} Rb6 {[%emt 0:00:14]} 15. Qa4 {[%emt 0:00:28] unterminated} e6 {[%emt 0:02:49] unterminated} 16. Bd2 $16 {[%emt 0:04:39]} Nf5 {[%emt 0:07:05]} 17. Nf3 {[%emt 0:02:13]} O-O {[%emt 0:02:48]} 18. O-O {[%emt 0:04:40]} Rb8 {[%emt 0:03:47]} 19. Rfe1 {[%emt 0:16:15]} c5 {[%emt 0:09:19]} 20. dxc5 {[%emt 0:09:37]} d5 {[%emt 0:09:34]} 21. Nd6 {[%emt 0:00:46]} Nxc5 {[%emt 0:01:38]} 22. Qa7 {[%emt 0:02:34]} Nxd6 {[%emt 0:00:47]} 23. Qxc5 {[%emt 0:00:05]} Ne4 {[%emt 0:00:17]} 24. Qd4 {[%emt 0:01:13]} f6 {[%emt 0:02:54]} 25. Rad1 {[%emt 0:05:10]} fxe5 {[%emt 0:02:45]} 26. fxe5 {[%emt 0:00:14]} Qe7 {[%emt 0:04:19]} 27. Be3 {[%emt 0:09:44]} Rbc8 {[%emt 0:00:39]} 28. Qd3 {[%emt 0:02:17]} Qc7 {[%emt 0:01:03]} 29. Qa6 {[%emt 0:05:23]} Rfe8 {[%emt 0:00:31]} 30. Rf1 {[%emt 0:04:49]} Ra8 {[%emt 0:00:24]} 31. Qd3 {[%emt 0:01:15]} Rxa2 {[%emt 0:00:27]} 32. Qb3 {[%emt 0:01:31]} Raa8 {[%emt 0:00:08]} 33. Rd4 {[%emt 0:02:42]} Rac8 {[%emt 0:00:55]} 34. Rxb4 {[%emt 0:03:38]} Qxc2 {[%emt 0:00:29]} 35. Qxc2 {[%emt 0:00:21]} Rxc2 {[%emt 0:00:04]} 36. Rb7 {[%emt 0:01:36]} Re2 {[%emt 0:01:00]} 37. Bf4 {[%emt 0:02:15]} Nc5 {[%emt 0:00:18]} 38. Rc7 {[%emt 0:02:33]} Nd3 {[%emt 0:00:10]} 39. Bg3 {[%emt 0:00:53]} Bh6 {[%emt 0:01:01]} 40. b3 {[%emt 0:01:25]} Rf8 {[%emt 0:00:34]} 41. Re7 {[%emt 0:03:34]} Nxe5 {[%emt 0:03:36]} 42. Rxe6 {[%emt 0:03:21]} Nxf3+ {[%emt 0:00:14] normal} 0-1

[Event "GER-ch Youth U18 2019"]
[Site "Willingen"]
[Date "2019.06.11"]
[Round "4.5"]
[White "Riess, Alexander"]
[Black "Schmider, Niklas"]
[Result "1/2-1/2"]
[WhiteElo "2305"]
[BlackElo "2300"]
[Annotator "TA"]
[PlyCount "59"]
[EventDate "2019.06.07"]
[EventType "swiss"]
[EventRounds "9"]
[EventCountry "GER"]
[SourceTitle "playchess.com"]
[Source "ChessBase"]
[SourceQuality "1"]

{[%evp 9,59,24,28,10,21,0,35,34,116,115,114,98,107,106,153,77,82,60,81,56,77,67,77,70,140,133,147,147,196,139,120,138,136,132,122,130,107,49,59,30,26,0,0,0,0,0,0,0,0,0,0,0]} 1. d4 Nf6 2. Nf3 c5 3. d5 b5 4. c4 Bb7 5. Bg5 Ne4 6. Bf4 {A57: Benko/Volga Gambit} bxc4 7. Nc3 Nxc3 8. bxc3 {White is slightly better.} e6 (8... g6 $14) 9. e4 $16 exd5 10. exd5 $146 ({Predecessor:} 10. Rb1 Qc8 11. exd5 Be7 12. Bxc4 O-O 13. O-O {0-1 (44) Batsuren,D (2352)-Jarmula,L (2470) Tarvisio 2017}) 10... d6 11. Bxc4 Nd7 12. O-O (12. Rb1 $142 Qc7 13. Qe2+ Be7 14. Bxd6 {[%mdl 64] Deflection} Qxd6 15. Rxb7) 12... Be7 13. Re1 {[#] And now Bxd6 would win.} O-O 14. Bd3 g6 15. c4 $36 {[%mdl 2048] White fights for an advantage.} Re8 16. Rb1 Nb6 ({Better is} 16... Bc8 $14) 17. Nd2 Ba6 {With the idea ...Nxd5.} 18. Qc2 Qd7 19. Ne4 (19. Re3 $18) 19... f5 20. Ng5 Bxg5 21. Bxg5 Rxe1+ 22. Rxe1 {[#] Re7 is the strong threat.} Re8 23. Rc1 (23. Re2 $16) 23... Qa4 $1 $14 {[%cal Ra4c2]} 24. Qc3 Qb4 {Threatens to win with ...Qxc3.} 25. h4 {Strongly threatening Qf6.} (25. Be3 {looks sharper.} Qxc3 26. Rxc3 Na4 27. Ra3 Nb2 28. Rxa6 Nxd3 29. Kf1) 25... Qxc3 {The position is equal.} 26. Rxc3 Re1+ 27. Kh2 Rd1 28. Bf4 Nxd5 29. cxd5 Rxd3 30. Rxd3 {Accuracy: White = 64%, Black = 56%.} 1/2-1/2

[Event "GER-ch Youth U18 2019"]
[Site "Willingen"]
[Date "2019.06.11"]
[Round "4.6"]
[White "Rockmann, Jan-Okke"]
[Black "Faerber, David"]
[Result "0-1"]
[WhiteElo "1816"]
[BlackElo "2293"]
[Annotator "TA"]
[PlyCount "58"]
[EventDate "2019.06.07"]
[EventType "swiss"]
[EventRounds "9"]
[EventCountry "GER"]
[SourceTitle "playchess.com"]
[Source "ChessBase"]
[SourceQuality "1"]

{[%evp 27,136,0,-10,-13,8,-4,-7,-5,2,-2,0,-14,0,0,0,0,6,6,4,3,3,-64,-64,-90,-18,-19,-20,-25,-16,-84,-85,-103,-87,-169,-179,-158,-159,-164,-115,-115,-115,-115,-115,-115,-115,-114,-114,-115,-115,-115,-115,-115,-115,-115,-115,-115,-115,-115,-115,-115,-115,-115,-114,-115,-91,-114,-114,-114,-114,-114,-114,-1733,-1756,-1633,-1735,-1703,-1725,-1700,-1684,-1616,-1514,-1514,-1082,-1480,-1473,-1462,-1455,-1440,-1440,-1422,-1414,-1387,-1197,-1371,-1358,-1343,-1335,-1308,-1172,-1265,-1205,-1132,-1092,-938,-1029,-1189,-953,-1886,-2162,-29959,-29959]} 1. e4 c5 2. Nf3 Nc6 3. d4 cxd4 4. Nxd4 g6 5. Be3 Bg7 6. Nc3 Nf6 7. Bc4 O-O 8. f3 Qb6 9. Bb3 Nxe4 10. Nd5 Qa5+ 11. c3 Nc5 12. Nxc6 dxc6 13. Nxe7+ Kh8 14. Nxc8 Raxc8 15. O-O {B35: Sicilian: Accelerated Dragon with 5 Nc3: main line} Rcd8 16. Qc2 Rfe8 17. Bf2 {The position is equal.} Kg8 18. Rfe1 Nxb3 $146 ({Predecessor:} 18... Qb5 19. Rad1 Rxd1 20. Qxd1 Rxe1+ 21. Bxe1 Qd3 22. Qc2 Bh6 {0-1 (74) Salihu,S (2215)-Weber,T (2415) Rhodes 2013}) 19. Qxb3 b6 20. h3 Bf6 21. Qc4 Qb5 22. Rxe8+ Rxe8 23. Qxb5 cxb5 $11 {[%mdl 4096] Endgame KRB-KRB} 24. Rd1 (24. Kf1 $11) 24... Re2 $15 25. Rd7 Rxb2 (25... a5 $1 $17 26. Bxb6 a4) 26. Rxa7 $11 Rb1+ 27. Kh2 Be5+ 28. f4 (28. g3 $11 {remains equal.}) 28... Bxf4+ $17 29. g3 Be5 {Played: Rb1-b2} 0-1

[Event "GER-ch Youth U18 2019"]
[Site "Willingen"]
[Date "2019.06.11"]
[Round "4.7"]
[White "Browning, Alex"]
[Black "Arndt, Magnus"]
[Result "1/2-1/2"]
[WhiteElo "2319"]
[BlackElo "2186"]
[Annotator "TA"]
[PlyCount "56"]
[EventDate "2019.06.07"]
[EventType "swiss"]
[EventRounds "9"]
[EventCountry "GER"]
[SourceTitle "playchess.com"]
[Source "ChessBase"]
[SourceQuality "1"]

{[%evp 30,56,4,7,2,0,0,0,0,0,0,0,0,0,0,0,0,0,0,0,0,0,0,0,0,0,0,0,0]} 1. Nf3 Nf6 2. c4 e6 3. g3 d5 4. Bg2 Be7 5. O-O O-O 6. d4 dxc4 7. Qc2 a6 8. a4 Bd7 9. Ne5 Bc6 10. Nxc6 Nxc6 11. e3 Na5 12. Nd2 c5 13. dxc5 Rc8 14. b4 cxb3 15. Nxb3 Nxb3 16. Qxb3 {The position is equal.} Nd7 {E05: Open Catalan: 5 Nf3 Be7} 17. Ba3 Nxc5 18. Bxc5 Bxc5 19. Qxb7 a5 {[#]} 20. Rac1 $146 ({Predecessor:} 20. Rfd1 Qc7 21. Qxc7 Rxc7 {½-½ (21) Bailet,P (2519)-Gharamian,T (2647) Lille 2015}) 20... Bb4 21. Rfd1 Rxc1 22. Rxc1 Qf6 23. Be4 g6 24. h4 h5 25. Kg2 Rd8 26. Rc2 Rd2 27. Rxd2 Bxd2 28. Qb6 Be1 1/2-1/2

[Event "GER-ch Youth U18 2019"]
[Site "Willingen"]
[Date "2019.06.11"]
[Round "4.8"]
[White "Ewert, Hannes"]
[Black "Vuckovic, Zarko"]
[Result "1/2-1/2"]
[WhiteElo "2268"]
[BlackElo "2132"]
[Annotator "TA"]
[PlyCount "45"]
[EventDate "2019.06.07"]
[EventType "swiss"]
[EventRounds "9"]
[EventCountry "GER"]
[SourceTitle "playchess.com"]
[Source "ChessBase"]
[SourceQuality "1"]

{[%evp 9,45,35,53,61,57,27,60,63,102,18,16,0,0,0,16,-33,-37,-30,0,0,48,37,62,64,63,83,76,62,62,74,40,50,401,0,0,-141,157,131]} 1. Nf3 d5 2. g3 Nc6 3. d4 Bf5 4. Bg2 Qd7 5. O-O O-O-O (5... e6 6. c4 Rd8 7. Nc3 Nf6 8. Bg5 Be7 9. cxd5 Nxd5 10. Bxe7 Qxe7 11. Qb3 Qb4 12. Qxb4 Ndxb4 {1-0 (127) Radjabov,T (2710)-Deac,B (2543) Bastia 2016}) 6. c3 {D02: 1 d4 d5 2 Nf3 sidelines, including 2...Nf6 3 g3 and 2...Nf6 3 Bf4} f6 7. b4 $1 {[%cal Bb2b4,Bb4b5][%mdl 32]} Kb8 $146 ({Predecessor:} 7... h5 8. Nh4 Bh3 9. Ng6 Rh7 10. Bxh3 Qxh3 11. Qc2 Nh6 12. Bxh6 Rxh6 {0-1 (54) Hyros,S (1252)-Kuzma,S (1426) Liptovsky Mikulas 2019}) 8. Nbd2 {White is slightly better.} Re8 9. Nb3 (9. b5 $16) 9... e5 $11 10. b5 Nd8 11. a4 e4 12. Nfd2 h5 {aiming for ...h4.} 13. Nc5 Bxc5 14. dxc5 Bh3 15. c6 $1 $36 {[%cal Rc6d7][%mdl 2048] White has good play.} Qf5 16. Nb3 $1 h4 {And now ...Bxg2 would win.} 17. Nd4 Qc8 18. cxb7 Kxb7 {Strongly threatening ...hxg3.} 19. Bxh3 $1 Qxh3 20. g4 $1 f5 $2 {[%mdl 8192]} (20... Qxg4+ $14 21. Kh1 Ka8) 21. gxf5 $2 ({White must play} 21. b6 $1 $18) 21... Nf6 $1 {...g5 is the strong threat.} 22. Kh1 {[#]} (22. b6 $1 $11 axb6 23. a5) 22... g5 $2 {[%mdl 8192] [#]} ({Worse is} 22... Ng4 23. Bf4 $16) (22... e3 $1 $17 {and life is bright. Threatens to win with ...Ng4!} 23. Nc2 (23. fxe3 $2 Ne4 $19) (23. Bxe3 $2 Rxe3 24. Rg1 Ne4 $17) 23... exf2 24. Rxf2 Ne4 {[%mdl 64] Double Attack} 25. Qxd5+ Kb8) 23. Rg1 $1 {Accuracy: White = 62%, Black = 39%.} ({Weaker is} 23. Bxg5 Reg8 $17) 1/2-1/2

[Event "GER-ch Youth U18 2019"]
[Site "Willingen"]
[Date "2019.06.11"]
[Round "4.9"]
[White "Schneider, Jana"]
[Black "Wong, Gengchun"]
[Result "1/2-1/2"]
[WhiteElo "2235"]
[BlackElo "2144"]
[Annotator "TA"]
[PlyCount "76"]
[EventDate "2019.06.07"]
[EventType "swiss"]
[EventRounds "9"]
[EventCountry "GER"]
[SourceTitle "playchess.com"]
[Source "ChessBase"]
[SourceQuality "1"]

{[%evp 14,76,25,18,50,8,12,0,0,-18,-17,-15,-14,-37,0,-24,10,0,0,-8,-6,-35,0,0,0,0,0,0,12,-94,0,-70,-36,-42,-67,-52,0,0,23,22,35,0,62,55,55,56,55,55,71,61,106,44,87,0,4,0,0,0,0,-99,-73,-101,0,0,0]} 1. e4 c5 2. Nf3 d6 3. d4 cxd4 4. Nxd4 Nf6 5. Nc3 a6 6. Bd3 g6 7. f3 Bg7 8. Be3 b5 {B72: Sicilian Dragon: 6 Be3, lines with h3+Bc4 and sidelines} (8... Nc6 9. Qd2 Nxd4 10. Bxd4 Be6 11. g4 b5 12. h4 Qa5 13. a3 h6 14. O-O-O Rb8 15. g5 Nh5 16. Bxg7 Nxg7 17. gxh6 {½-½ (41) Anand,V (2779)-Navara,D (2739) Shamkir 2019}) 9. a3 Bb7 10. Qd2 Nbd7 11. Bh6 Bxh6 12. Qxh6 Qb6 13. Nde2 $146 ({Predecessor:} 13. Nb3 Rc8 14. Qd2 Qf2+ {0-1 (14) Graupera Cruz,J (1879)-Rosa Capote,A (2050) Pinar del Rio 2007}) 13... Qc5 14. h4 Ng8 15. Qd2 h5 16. Nf4 Ngf6 17. Be2 Nb6 18. O-O-O Kf8 19. Rhe1 Kg7 20. Nd3 Qc7 {Strongly threatening ...Nc4.} 21. Qg5 {[#]} (21. Nb4 $11 {remains equal.}) 21... Nc4 (21... Nh7 $1 $17 {[%cal Rh7g5]} 22. Qg3 Rhc8) 22. Nd5 (22. Nf4 $1 $11) 22... Bxd5 23. exd5 Rhc8 {And now ...Nxa3! would win.} 24. Nb4 a5 (24... Ne5 $1 $15) 25. Nc6 $36 {[%mdl 2048] Threatens to win with Bxc4. White is more active.} e5 {White must now prevent ...Nxd5!} 26. Bxc4 $1 bxc4 27. Qd2 (27. f4 {feels hotter.} c3 28. b3 Nxd5 29. Rxd5 Qxc6 30. Red1) 27... Nxd5 (27... Ra6 $11) 28. Qxd5 $14 {[%mdl 64] [#] Double Attack} Qxc6 29. Qxd6 Qxd6 30. Rxd6 $11 {[%mdl 4096] Endgame KRR-KRR} Rc5 31. Red1 Kf8 32. Rd7 (32. R1d5 $16 Rac8 33. Rd8+ Rxd8 34. Rxc5) 32... Ra6 33. Rb7 ({White should try} 33. R1d5 $16 Rac6 34. R7d6) 33... Rf6 34. Rdd7 c3 35. b4 axb4 36. axb4 (36. Rxb4 $11 {keeps the balance.} Ra5 37. a4) 36... Rc4 $17 37. Rdc7 Rff4 (37... Rxh4 $17 {[%cal Rh4h1]} 38. Rxc3 e4) 38. b5 $11 Rxh4 {Accuracy: White = 22%, Black = 45%.} 1/2-1/2

[Event "GER-ch Youth U18 2019"]
[Site "Willingen"]
[Date "2019.06.11"]
[Round "4.10"]
[White "Martin, Julian"]
[Black "Hinrichs, Niklas"]
[Result "1-0"]
[WhiteElo "2370"]
[BlackElo "2115"]
[Annotator "NA"]
[PlyCount "95"]
[EventDate "2019.06.07"]
[EventType "swiss"]
[EventRounds "9"]
[EventCountry "GER"]
[SourceTitle "playchess.com"]
[Source "ChessBase"]
[SourceQuality "1"]
[TimeControl "40/5400+30:1800+30"]

1. e4 {[%emt 0:00:00]} c5 {[%emt 0:00:00]} 2. Nf3 {[%emt 0:00:00]} d6 {[%emt 0:00:00]} 3. d4 {[%emt 0:00:00]} cxd4 {[%emt 0:00:00]} 4. Nxd4 {[%emt 0:00:00]} Nf6 {[%emt 0:00:00]} 5. Nc3 {[%emt 0:00:00]} a6 {[%emt 0:00:00]} 6. h4 {[%emt 0:00:00]} e6 {[%emt 0:00:28]} 7. g4 {[%emt 0:00:02]} d5 {[%emt 0:00:46]} 8. exd5 {[%emt 0:00:08]} Nxd5 {[%emt 0:00:54]} 9. Bd2 {[%emt 0:00:05]} b5 {[%emt 0:04:23]} 10. Bg2 {[%emt 0:01:32] unterminated} Bb7 {[%emt 0:00:52]} 11. Qf3 {[%emt 0:00:06]} Nd7 {[%emt 0:02:53] unterminated} 12. O-O-O {[%emt 0:28:33] unterminated} N7b6 {[%emt 0:14:32] unterminated} 13. Nxd5 {[%emt 0:09:34] unterminated} Bxd5 {[%emt 0:06:24] unterminated} 14. Qh3 {[%emt 0:02:31] unterminated} Bxg2 {[%emt 0:05:13]} 15. Qxg2 {[%emt 0:00:08]} Qd5 {[%emt 0:00:05] unterminated} 16. Qxd5 $11 {[%emt 0:06:01]} Nxd5 {[%emt 0:00:04]} 17. f4 {[%emt 0:01:31]} Bc5 {[%emt 0:12:58]} 18. Nf3 {[%emt 0:11:38]} h5 {[%emt 0:09:39]} 19. g5 {[%emt 0:02:52]} Ne3 {[%emt 0:05:25]} 20. Rde1 {[%emt 0:01:36]} Nf5 {[%emt 0:01:11]} 21. g6 {[%emt 0:01:42]} Rh6 {[%emt 0:08:09]} 22. gxf7+ {[%emt 0:05:30]} Kxf7 {[%emt 0:00:26]} 23. Ng5+ {[%emt 0:00:33]} Ke7 {[%emt 0:01:17]} 24. Ne4 {[%emt 0:00:15]} Bd4 {[%emt 0:00:27]} 25. Rh3 {[%emt 0:05:38]} a5 {[%emt 0:06:06]} 26. Rb3 {[%emt 0:03:25]} b4 {[%emt 0:02:03]} 27. a3 {[%emt 0:01:01]} Nxh4 {[%emt 0:02:16]} 28. f5 {[%emt 0:03:17]} Nxf5 {[%emt 0:01:44]} 29. Bxh6 {[%emt 0:00:42]} gxh6 {[%emt 0:00:02]} 30. axb4 {[%emt 0:01:20]} axb4 {[%emt 0:00:51]} 31. Rxb4 {[%emt 0:00:18]} Ra7 {[%emt 0:00:17]} 32. Kd2 {[%emt 0:05:35]} Rd7 {[%emt 0:01:31]} 33. Ke2 {[%emt 0:00:25]} Be3 {[%emt 0:00:37]} 34. c3 {[%emt 0:00:53]} h4 {[%emt 0:00:29]} 35. Ra4 {[%emt 0:02:01]} Bg5 {[%emt 0:02:49]} 36. Rd1 {[%emt 0:02:42]} Rc7 {[%emt 0:03:22]} 37. Kf3 {[%emt 0:00:57]} Kf7 {[%emt 0:02:05]} 38. b4 {[%emt 0:01:46]} Ng3 {[%emt 0:02:40]} 39. Nd6+ {[%emt 0:00:20]} Kg6 {[%emt 0:00:04]} 40. c4 {[%emt 0:00:31]} e5 {[%emt 0:01:15]} 41. b5 {[%emt 0:05:16]} e4+ {[%emt 0:02:48]} 42. Kg2 {[%emt 0:00:29]} Kh5 {[%emt 0:05:44]} 43. Kh3 {[%emt 0:03:48]} Bf4 {[%emt 0:02:50]} 44. b6 {[%emt 0:01:27]} Rg7 {[%emt 0:00:51]} 45. Ra5+ {[%emt 0:03:05]} Rg5 {[%emt 0:02:34]} 46. b7 {[%emt 0:00:28]} Nh1 {[%emt 0:02:29]} 47. Rxg5+ {[%emt 0:00:38]} hxg5 {[%emt 0:00:04]} 48. Kg2 {[%emt 0:00:36] normal} 1-0

[Event "GER-ch Youth U18 2019"]
[Site "Willingen"]
[Date "2019.06.11"]
[Round "4.11"]
[White "Runte, Moritz"]
[Black "Goldbeck, Lars"]
[Result "1/2-1/2"]
[WhiteElo "2096"]
[BlackElo "2199"]
[Annotator "TA"]
[PlyCount "38"]
[EventDate "2019.06.07"]
[EventType "swiss"]
[EventRounds "9"]
[EventCountry "GER"]
[SourceTitle "playchess.com"]
[Source "ChessBase"]
[SourceQuality "1"]

{[%evp 15,38,0,0,0,8,8,17,18,58,52,52,49,56,56,93,78,100,81,65,72,75,76,80,50,54]} 1. e4 c5 2. Nf3 d6 3. d4 Nf6 4. Nc3 cxd4 5. Nxd4 a6 6. Be2 e5 7. Nf3 Be7 8. Bg5 Nbd7 9. a4 {B92: Sicilian Najdorf: 6 Be2} h6 10. Be3 O-O (10... Ng4 11. Bc1 Ngf6 12. O-O Nc5 13. Nd2 O-O 14. b4 Ne6 15. Nc4 Nd4 16. Be3 Nxe2+ 17. Qxe2 {½-½ (40) Giri,A (2783)-Nepomniachtchi,I (2763) St Petersburg 2018}) 11. Nd2 {The position is equal.} b6 12. Nc4 Qc7 13. O-O Bb7 14. f3 Rac8 $146 ({Predecessor:} 14... Rab8 15. Qd2 Rfd8 16. Rfd1 Ba8 17. Bf2 d5 18. Nxd5 Nxd5 19. exd5 {1-0 (62) Lagno,K (2560)-Kozak,A (2425) Caleta 2019}) 15. Qd2 Rfd8 16. Rfd1 {[%cal Rc4d6]} Nc5 17. a5 b5 18. Nb6 Rb8 19. b4 Ncd7 $1 1/2-1/2